Online katalóg knižníc regiónu Turca

Básne (Record no. 21182)

MARC details
000 -LEADER
fixed length control field 01300nam a2200361 a 4500
001 - CONTROL NUMBER
control field 21182
003 - CONTROL NUMBER IDENTIFIER
control field VRT
005 - DATE AND TIME OF LATEST TRANSACTION
control field 20260224105232.0
008 - FIXED-LENGTH DATA ELEMENTS--GENERAL INFORMATION
fixed length control field 250414s1979 xo 0 slo
015 ## - NATIONAL BIBLIOGRAPHY NUMBER
National bibliography number SNBA1979
035 ## - SYSTEM CONTROL NUMBER
System control number SNK000059760
039 #9 - LEVEL OF BIBLIOGRAPHIC CONTROL AND CODING DETAIL [OBSOLETE]
Level of rules in bibliographic description 202504141140
Level of effort used to assign nonsubject heading access points VLOAD
Level of effort used to assign subject headings 202403152308
Level of effort used to assign classification VLOAD
Level of effort used to assign subject headings 201808151811
Level of effort used to assign classification VLOAD
Level of effort used to assign subject headings 201808151811
Level of effort used to assign classification VLOAD
040 ## - CATALOGING SOURCE
Original cataloging agency SNK
Language of cataloging slo
Transcribing agency SNK
Description conventions AACR2
041 0# - LANGUAGE CODE
Language code of text/sound track or separate title xo
044 ## - COUNTRY OF PUBLISHING/PRODUCING ENTITY CODE
MARC country code xo
ISO country code SK
080 ## - UNIVERSAL DECIMAL CLASSIFICATION NUMBER
Universal Decimal Classification number 885.4-1
Edition identifier 1981
100 1# - MAIN ENTRY--PERSONAL NAME
Personal name Kostra, Ján,
Dates associated with a name 1910-1975
Relationship aut
245 10 - TITLE STATEMENT
Title Básne
Statement of responsibility, etc. Ján Kostra ; Vincent Šabík, Miloš Tomčík
250 ## - EDITION STATEMENT
Edition statement 1. vyd.
260 ## - PUBLICATION, DISTRIBUTION, ETC.
Place of publication, distribution, etc. Bratislava
Name of publisher, distributor, etc. Slovenský spisovateľ
Date of publication, distribution, etc. 1979
Place of manufacture Liptovský Mikuláš
Manufacturer Tlačiarne SNP
300 ## - PHYSICAL DESCRIPTION
Extent 296 s., 8,26 AH
Dimensions 19 cm
366 ## - TRADE AVAILABILITY INFORMATION
Note 3000 výtl.
490 0# - SERIES STATEMENT
Series statement Knižnica Slovenského spisovateľa
700 1# - ADDED ENTRY--PERSONAL NAME
Personal name Šabík, Vincent,
Dates associated with a name 1937-
Relationship com
700 1# - ADDED ENTRY--PERSONAL NAME
Personal name Tomčík, Miloš,
Dates associated with a name 1922-2009
Relationship [ADC]
942 ## - ADDED ENTRY ELEMENTS (KOHA)
Source of classification or shelving scheme Dewey Decimal Classification
Koha item type Krásna literatúra pre dospelých
Suppress in OPAC No
949 ## - LOCAL PROCESSING INFORMATION (OCLC)
6 273K0300425
a svkpoA 115110
b svkpo266741
949 ## - LOCAL PROCESSING INFORMATION (OCLC)
6 273K0300426
a svkpoA 115110a
b svkpo266744
949 ## - LOCAL PROCESSING INFORMATION (OCLC)
6 17A0030030
9 P60, <04>, [BOOK], {604}
a snkSD 49329 D1
949 ## - LOCAL PROCESSING INFORMATION (OCLC)
6 3830001115236
a kurukT18/KOST2-17
b kuruk2016/F4246
o D2016/SAV, cez Príhodovú FFKU/25.2.2015
Holdings
Stav vyradenia Strata Poškodenie Spôsob nadobudnutia Domovská knižnica Aktuálna knižnica Dátum nadobudnutia Total checkouts Total renewals Čiarový kód exemplára Date last seen Date last checked out Typ exemplára
      Dar Obecná knižnica Turčianska Štiavnička Obecná knižnica Turčianska Štiavnička 24.02.2026 1 1 4738000003 25.03.2026 24.02.2026 Krásna literatúra pre dospelých
Projekt je podporený Slovenskou asociáciou knižníc
Prevádzkuje Turčianska knižnica Martin 2026